Click That Clock! Quiz Stats

 Plays Quiz Updated Oct 23, 2018

Score 0/10 Timer 01:00
3 Plays Today
Question Answer Wrong Answers
Click the earliest time! 2:03
70.8%
2:17
4%
2:21
1.6%
3:27
2.9%
Click the earliest time! 7:09
68.5%
7:12
4.2%
10:44
3.1%
9:08
2.4%
Click the latest time! 3:29
68.4%
3:27
5.1%
2:17
1.5%
1:22
4.5%
Click the earliest time! 5:03
67.5%
7:12
1.8%
7:09
4.7%
10:58
4.7%
Click the latest time! 10:44
66.7%
7:12
1.8%
5:03
4%
9:08
5.6%
Click the latest time! 8:11
62.6%
3:29
4%
7:09
6.5%
6:48
4.9%
Click the latest time! 11:03
58.4%
9:08
2.5%
10:58
11.4%
1:22
6.1%
Click the earliest time! 7:09
57%
7:12
3.1%
10:39
3.3%
9:08
14.2%
Click the earliest time! 0:09
53.4%
10:58
12.6%
9:08
7.3%
8:11
5.1%
Click the latest time! 11:03
50.2%
0:09
7.6%
1:22
8.7%
10:58
12.3%

You're not logged in!

Compare scores with friends on all Sporcle quizzes.
OR
Log In

Sporcle TV

Today on Sporcle TV


Watch our educational content, quiz creation guides, and fun videos on Sporcle TV.

Show Comments

Extras

Top Quizzes Today


Score Distribution

Your Account Isn't Verified!

In order to create a playlist on Sporcle, you need to verify the email address you used during registration. Go to your Sporcle Settings to finish the process.

Report this User

Report this user for behavior that violates our Community Guidelines.

Details: